Hétvége Meglátogatja a lovait
Elmentve itt :
| Dokumentumtípus: | Cikk |
|---|---|
| Megjelent: |
2008-01-19
|
| Sorozat: | Délmagyarország
|
| Kulcsszavak: | Szabó Gábor |
| Online Access: | http://univ.bibl.u-szeged.hu/32772 |
| LEADER | 00432nab a2200157 i 4500 | ||
|---|---|---|---|
| 001 | univ32772 | ||
| 005 | 20171214104321.0 | ||
| 008 | 171214s2008 hu o 0|| zxx d | ||
| 040 | |a SZTE UnivHistória Repozitórium |b hun | ||
| 041 | |a zxx | ||
| 245 | 0 | 0 | |a Hétvége |h [elektronikus dokumentum] : |b Meglátogatja a lovait |
| 260 | |c 2008-01-19 | ||
| 300 | |a 14 | ||
| 490 | 0 | |a Délmagyarország | |
| 561 | |a Egyetemi hirarchívum | ||
| 695 | |a Szabó Gábor | ||